00452 2200181 4500245004300000020002200043250001100065100001900076700002100095700000900116650001700125005001900142260004100161041001400202084001300216300003200229336000900261 aBeelzebub Vol. 8cTamura, RyuheihText a978-602-02-2810-5 aCet. 1 aTamura, Ryuhei aAnindhita Raghia aSari aKomik Jepang a20230609095620 aJakartabElex Media Komputindoc2013 aIndonesia a741.5592 a... jil. :bilus. ;c17 cm. atext